000 00978nam a22003137a 4500
003 CHAP
005 20220817043045.0
008 971010s1964 r 00010 d
010 _a64214
011 _a65186
035 _a71457
040 _cCHAP
082 0 4 _a551.49
_bC46
100 0 0 _aChow, Ven Te.
_922893
245 1 _aHandbook of applied hydrology
_b: a compendium of water-resources technology
260 _aNew York :
_bMcGraw-Hill,
_c1964
300 _aPag. varía.
_b: ilus.
590 _aBATCH-UPD
_b10
_c20130110
_lUCH01
_h0112
590 _aBATCH-UPD
_b10
_c20130110
_lUCH01
_h0913
590 _aBATCH-UPD
_b10
_c20130410
_lUCH01
_h0537
590 _aBATCH-UPD
_b10
_c20130914
_lUCH01
_h0929
590 _aCONVERSION
_b10
_c20130109
_lUCH01
_h1335
650 1 4 _aHidrología.
_955257
650 1 4 _aIrrigación.
_960366
650 1 4 _aRecursos hidraulicos.
901 _aBK
942 _cLIBRO
949 _a551.49 C46
_bBC
_cLIBRO
_d33724000959615
_eLIBRO
_h26477
_i71457
_si
999 _c64214
_d64214